000 00628nab a2200169 4500
003 ES-SlBCS
005 20220203142251.0
008 160922s2016 sp ||||| |||| 00| 0 spa d
040 _aES-SlBCS
_bspa
100 1 _aÁlvarez de los Mozos, Patxi
_970697
245 1 0 _aDefender al pobre y proteger la naturaleza
_cPatxi Álvarez de los Mozos, S.I.
246 1 1 _aDefend the poor and protect the nature
610 2 0 _aIglesia Católica
_bPapa (2013-: Francisco)
_tLaudato si'
_9408858
650 0 0 _aEcología
_915891
773 0 _gVol. 71, Nº 281, 2016, págs. 81-98
_tRevista de Fomento Social
_wRev372
_x0015-6043
942 _2lcc
_cAR
999 _c858746
_d858746